| 000 | 00380nam a2200133Ia 4500 | ||
|---|---|---|---|
| 008 | 210430s9999 xx 000 0 und d | ||
| 020 | _a81-7409-158-0 | ||
| 082 | _a670.42 K9636 M | ||
| 100 |
_aDr.B.Kumar, Sujay Kumar _9127793 |
||
| 245 |
_aManufacturing Processes and Technology / _cDr.B.Kumar |
||
| 260 |
_aIndia _bKhanna Publishers _c2002 |
||
| 300 | _a770p | ||
| 942 |
_cBK _2ddc |
||
| 999 |
_c564574 _d564574 |
||